000 00710nam a2200217Ia 4500
001 20109
003 GE_BSU
008 181216s||||||||xx |||||||||||||| ||und||
040 _cGE_BSU
245 _aПолитическая наука.№4, 2016
245 _bполитическая наука в современной росии
245 _cГл.ред Мелешкина Е.Ю. Ред.О.Г.Харитонова
260 _aМосква
260 _bРоссийская акад. наук
260 _c2016
300 _a320стр. 24см.
653 _aПериодика
653 _aПолитическая наука.№4, 2016
653 _aპერიოდიკა
942 _cCR
999 _c53072
_d53072